| 000 | 00453cam a22001217a 4500 | ||
|---|---|---|---|
| 008 | 180718b-- xxu||||| |||| 00| 0 eng d | ||
| 082 | _aT19065x54521 E | ||
| 245 |
_aProvisional results on fifth economics census _cby Directorate of Economics and Statistics, Puducherry |
||
| 260 |
_aPuducherry _bThe author _c-- |
||
| 500 | _aLibrary has 2005 | ||
| 650 | _aEconomic census - India - Puducherry | ||
| 700 | _aPuducherry. Directorate of Economics and Statistics | ||
| 999 |
_c485298 _d485298 |
||